Stranger Things S1:E2 - Statistics

General Stats
  • This quiz has been taken 149 times
  • The average score is 5 of 25
Answer Stats
Hint Answer % Correct
What is the first thing that Eleven says to Mike? No
83%
What does Mike say Nancy's test was on? Human anatomy
53%
What kind of swear means you never break your bond? Spit swear
49%
What place did they get last year in the science fair? 3rd
48%
What is Mike drinking at the dinner table? Milk
42%
How long does Joyce want an advance for? 2 weeks
41%
Where does Lucas think Eleven escaped from? Pennhurst
35%
What were Lonnie and Will supposed to see (in the flashback)? Baseball
30%
What was in the toaster, and how many? 3 Eggos
24%
What did Karen cook for dinner? Meatloaf
17%
What's Mike's dinosaur's name? Rory
16%
Everybody except one person has a striped towel. Who has a yellow towel? Tommy
13%
What sound does Eleven imitate? The telephone
11%
What size is Mike's TV? 22-inch
9%
Where has Steve's dad gone? To a conference
9%
Who's house is by a construction site? Lonnie's
5%
When did the last person go missing? Summer of '23
5%
What does Hopper do before getting in the car after leaving the Byers' house? Takes a pill
5%
What kind of animal is on Steve's front door mat? Birds
3%
Who's covering Joyce's shift? Jeffrey
2%
What does it say on Will's bedroom door? No Trespassing
2%
What does it say on Mike's poster with a red racing car? Champion
1%
What did Karen buy from the store? Pizza and Macaroni
1%
Where was Earl supposed to go fishing with Benny the next week? Down the Etowah
0%
Who supposedly made the jump at Sattler's Quarry? George Burness
0%
No matching quizzes found
Score Distribution
Percent of People with Each Score
Percentile by Number Answered
Your Score History
You have not taken this quiz